书目信息 |
| 题名: |
自然辩证法
|
|
| 作者: | 时力华 张卫东 主编 | |
| 分册: | ||
| 出版信息: | 北京 国际文化出版公司 2001 |
|
| 页数: | 252页 | |
| 开本: | 20cm | |
| 丛书名: | ||
| 单 册: | ||
| 中图分类: | N031 | |
| 科图分类: | ||
| 主题词: | 自然科学--科学方法论 | |
| 电子资源: | ||
| ISBN: | 7-80105-709-0 | |
| 000 | 00646nam0 2200217 450 | |
| 001 | 0630619291 | |
| 005 | 20060929083142.70 | |
| 010 | @a7-80105-709-0@dCNY12.00 | |
| 100 | @a20060929d2001 km y0chiy0120 ea | |
| 101 | 0 | @achi |
| 102 | @aCN@b110000 | |
| 102 | @aCN | |
| 200 | 1 | @a自然辩证法@Azi ran bian zheng fa@f时力华 张卫东 主编@Fshi li hua zhang wei dong zhu bian |
| 210 | @a北京@c国际文化出版公司@d2001 | |
| 210 | @a北京@c国际文化出版公司 | |
| 215 | @a252页@d20cm | |
| 606 | 0 | @a自然科学@x科学方法论 |
| 690 | @aN031@v3 | |
| 701 | 0 | @a时力华 张卫东@Ashi li hua zhang wei dong@4主编 |
| 801 | 0 | @aCN@bPFT@c20060929 |
| 905 | @a10447@dN031@e146 | |
| 自然辩证法/时力华 张卫东 主编.-北京:国际文化出版公司,2001.-北京:国际文化出版公司 |
| 252页;20cm |
| ISBN 7-80105-709-0:CNY12.00 |
| ● |
| 相关链接 |
|
|
|
|
正题名:自然辩证法
索取号:N031/146
 
预约/预借
| 序号 | 登录号 | 条形码 | 馆藏地/架位号 | 状态 | 备注 |
| 1 | 0483935 | 204839354 | 密集书库/ [索取号:N031/146] | 在馆 | |
| 2 | 0483936 | 204839363 | 密集书库/ [索取号:N031/146] | 在馆 | |
| 3 | 0483937 | 204839372 | 密集书库/ [索取号:N031/146] | 在馆 | |
| 4 | 0483938 | 204839381 | 密集书库/ [索取号:N031/146] | 在馆 | |
| 5 | 0483939 | 204839390 | 密集书库/ [索取号:N031/146] | 在馆 | |
| 6 | 0483940 | 204839407 | 密集书库/ [索取号:N031/146] | 在馆 |